[Event "Frauenbundesliga 2015/2016"]
[Site "Mattersburg/ St. Veit/ Graz"]
[Date "2015.11.06"]
[Round "1"]
[Board "1"]
[White "Lymysalo, Venla"]
[Black "Theissl-Pokorna, Regina"]
[Result "1-0"]
[WhiteElo "1756"]
[BlackElo "2345"]
[PlyCount "79"]
[EventDate "2015.11.06"]
[EventType "team"]
[EventRounds "7"]
[EventCountry "AUT"]
[WhiteTeam "SK Baden"]
[BlackTeam "ASVOE Pamhagen"]

1. d4 d5 2. c4 e6 3. Nc3 c5 4. cxd5 exd5 5. Nf3 Nc6 6. Bf4 Nf6 7. e3 c4 8. Be2
Bb4 9. O-O O-O 10. Ne5 Bxc3 11. bxc3 Ne4 12. Qc2 Nxe5 13. Bxe5 Bf5 14. Qb2 Qb6
15. Qa3 f6 16. Bf4 g5 17. Bg3 Qc6 18. Rfe1 b5 19. Bf3 Nxg3 20. hxg3 g4 21. Bd1
a5 22. Qb2 Rab8 23. a3 Qd6 24. Bc2 Bxc2 25. Qxc2 f5 26. Reb1 Rf7 27. Rb2 b4 28.
axb4 axb4 29. cxb4 Rxb4 30. Rba2 Qe6 31. Ra5 Kg7 32. Ra6 Qe4 33. Qd2 Rb3 34.
Qa5 c3 35. Qd8 h6 36. Ra8 Qe7 37. Qg8+ Kf6 38. R8a6+ Qe6 39. Rxe6+ Kxe6 40.
Ra6+ 1-0

[Event "Frauenbundesliga 2015/2016"]
[Site "Mattersburg/ St. Veit/ Graz"]
[Date "2015.11.06"]
[Round "1"]
[Board "2"]
[White "Hapala, Elisabeth"]
[Black "Stallinger, Vanessa"]
[Result "1-0"]
[WhiteElo "2227"]
[BlackElo "1757"]
[PlyCount "73"]
[EventDate "2015.11.06"]
[EventType "team"]
[EventRounds "7"]
[EventCountry "AUT"]
[WhiteTeam "ASVOE Pamhagen"]
[BlackTeam "SK Baden"]

1. e4 e5 2. Nf3 Nc6 3. Bb5 a6 4. Ba4 Nf6 5. O-O Be7 6. Re1 b5 7. Bb3 d6 8. c3
O-O 9. h3 Na5 10. Bc2 d5 11. d4 Nxe4 12. Nxe5 f6 13. Nf3 f5 14. Nbd2 Nc4 15.
Nxc4 bxc4 16. Bf4 g5 17. Be5 g4 18. hxg4 fxg4 19. Bxe4 dxe4 20. Nd2 e3 21. Rxe3
Bg5 22. Re1 Bf4 23. Bxf4 Rxf4 24. Qe2 Bd7 25. Qxc4+ Rf7 26. Qd5 c6 27. Qe5 Qh4
28. Ne4 Rf5 29. Qg3 Qh6 30. Qxg4+ Kh8 31. Ng3 Rf7 32. Qh5 Qf8 33. Re2 Rg7 34.
Qh6 Qg8 35. Rae1 Rg6 36. Qh4 Bf5 37. Re7 1-0

[Event "Frauenbundesliga 2015/2016"]
[Site "Mattersburg/ St. Veit/ Graz"]
[Date "2015.11.06"]
[Round "1"]
[Board "3"]
[White "Panzenboeck, Sophie"]
[Black "Batyte, Daiva"]
[Result "0-1"]
[WhiteElo "1469"]
[BlackElo "2189"]
[PlyCount "60"]
[EventDate "2015.11.06"]
[EventType "team"]
[EventRounds "7"]
[EventCountry "AUT"]
[WhiteTeam "SK Baden"]
[BlackTeam "ASVOE Pamhagen"]

1. d4 Nf6 2. Nf3 g6 3. c4 Bg7 4. e3 d6 5. Be2 Nbd7 6. Nbd2 O-O 7. h4 e5 8. dxe5
dxe5 9. b3 e4 10. Nd4 c5 11. Nb5 Ne5 12. Bb2 Qe7 13. Bxe5 Qxe5 14. Rc1 a6 15.
Nc3 h5 16. Qc2 Bf5 17. O-O Rfe8 18. Rfd1 Rad8 19. Rb1 Ng4 20. Bxg4 Bxg4 21.
Rdc1 Qxc3 22. Qxc3 Bxc3 23. Nxe4 Rxe4 24. Rxc3 Bf5 25. Rbc1 Rxh4 26. f3 Rd2 27.
e4 Bxe4 28. fxe4 Rg4 29. R1c2 Rgxg2+ 30. Kf1 Rxc2 0-1

[Event "Frauenbundesliga 2015/2016"]
[Site "Mattersburg/ St. Veit/ Graz"]
[Date "2015.11.06"]
[Round "1"]
[Board "4"]
[White "Horvath, Maria"]
[Black "Bella, Ayriyan "]
[Result "1-0"]
[WhiteElo "1974"]
[BlackElo "1962"]
[PlyCount "57"]
[EventDate "2015.11.06"]
[EventType "team"]
[EventRounds "7"]
[EventCountry "AUT"]
[WhiteTeam "ASVOE Pamhagen"]
[BlackTeam "SK Baden"]

1. d4 d5 2. c4 e6 3. Nc3 Nf6 4. cxd5 exd5 5. Bg5 Be7 6. e3 O-O 7. Bd3 h6 8. Bh4
Be6 9. Qc2 Nbd7 10. Nf3 a6 11. O-O c5 12. dxc5 Nxc5 13. Bf5 Rc8 14. Bxe6 Nxe6
15. Qd1 Ne4 16. Bxe7 Nxc3 17. Bxd8 Nxd1 18. Be7 Nxb2 19. Bxf8 Kxf8 20. Rab1 Rc2
21. Rfc1 Re2 22. Rc8+ Ke7 23. Kf1 Kd7 24. Kxe2 Kxc8 25. Rxb2 b5 26. Rc2+ Kb7
27. Kd3 Kb6 28. Ne5 f6 29. Rc6+ 1-0

[Event "Frauenbundesliga 2015/2016"]
[Site "Mattersburg/ St. Veit/ Graz"]
[Date "2015.11.06"]
[Round "1"]
[Board "1"]
[White "Newrkla, Katharina"]
[Black "Klek, Hanna-Marie"]
[Result "1-0"]
[WhiteElo "2210"]
[BlackElo "2326"]
[PlyCount "87"]
[EventDate "2015.11.06"]
[EventType "team"]
[EventRounds "7"]
[EventCountry "AUT"]
[WhiteTeam "ASVOE Wulkaprodersdorf"]
[BlackTeam "Schach ohne Grenzen"]

1. e4 e5 2. Nf3 Nc6 3. Bb5 a6 4. Ba4 Nf6 5. O-O Be7 6. Re1 b5 7. Bb3 d6 8. c3
O-O 9. h3 Nb8 10. d4 Nbd7 11. Nbd2 Bb7 12. Bc2 Re8 13. Nf1 Bf8 14. Ng3 g6 15.
Bg5 h6 16. Bd2 c5 17. d5 c4 18. b4 cxb3 19. axb3 Nb6 20. Bd3 Nfd7 21. c4 bxc4
22. bxc4 Qc7 23. Ba5 Reb8 24. Re2 Bc8 25. Rb2 Be7 26. Rab1 Bd8 27. Qd2 Kg7 28.
Qe3 Qa7 29. Bd2 Nc5 30. Qxh6+ Kg8 31. Be2 Nbd7 32. h4 Rxb2 33. Rxb2 Nf6 34. Ng5
Bd7 35. Nxf7 Kxf7 36. h5 Kg8 37. Qxg6+ Kh8 38. Bg5 Nh7 39. Bxd8 Rxd8 40. Qxd6
Re8 41. h6 Bc8 42. Bh5 Qe7 43. Qxe7 Rxe7 44. Rb8 1-0

[Event "Frauenbundesliga 2015/2016"]
[Site "Mattersburg/ St. Veit/ Graz"]
[Date "2015.11.06"]
[Round "1"]
[Board "2"]
[White "Anker, Christin"]
[Black "Exler, Veronika"]
[Result "0-1"]
[WhiteElo "1822"]
[BlackElo "2211"]
[PlyCount "174"]
[EventDate "2015.11.06"]
[EventType "team"]
[EventRounds "7"]
[EventCountry "AUT"]
[WhiteTeam "Schach ohne Grenzen"]
[BlackTeam "ASVOE Wulkaprodersdorf"]

1. e4 c6 2. d4 d5 3. Nc3 dxe4 4. Nxe4 Nf6 5. Nxf6+ gxf6 6. Nf3 Bg4 7. c3 Qd5 8.
Be2 Nd7 9. Qb3 O-O-O 10. Qxd5 cxd5 11. Bf4 Bg7 12. O-O-O e5 13. Be3 Nb6 14. h3
Be6 15. Nd2 Rhg8 16. g4 Rde8 17. Bd3 e4 18. Bb5 Bd7 19. Be2 Bf8 20. Bf4 Re6 21.
Nf1 Bd6 22. Bxd6 Rxd6 23. Ne3 Kb8 24. Kb1 Rc8 25. Rc1 Re8 26. Rcg1 Nc8 27. h4
Ne7 28. h5 f5 29. gxf5 Nxf5 30. Nxf5 Bxf5 31. Kc1 Rf6 32. Rh2 Kc7 33. Kd2 Kd6
34. Bb5 Rc8 35. Rg7 Ke7 36. Be2 Rb6 37. Kc1 Kf6 38. Rg3 Re8 39. Rh4 Ke7 40. Rh2
a6 41. Bd1 Rf6 42. Bb3 Kd6 43. Kd2 b5 44. Bd1 Rc8 45. Be2 Ke7 46. Bd1 b4 47.
Bb3 bxc3+ 48. bxc3 Be6 49. Rg5 Kd6 50. Rg7 Rf3 51. Rxh7 Rd3+ 52. Kc2 Rcxc3+ 53.
Kb2 Rc8 54. Rg7 Rd2+ 55. Ka3 e3 56. Rg1 Rh8 57. h6 Rxf2 58. Rxf2 exf2 59. Rf1
Rxh6 60. Rxf2 Rh4 61. Rd2 f5 62. Kb4 f4 63. Bd1 Bd7 64. a4 Rh8 65. Rf2 Rf8 66.
Be2 Rb8+ 67. Ka3 Rf8 68. Kb4 Bc8 69. Ka5 Rf7 70. Bd3 f3 71. Kb4 Rf4 72. Kc3 Kc6
73. Bc2 Kb6 74. Bd1 Bg4 75. Kd3 Ka5 76. Ke3 Re4+ 77. Kd3 Rf4 78. Ke3 Rf8 79.
Bb3 Re8+ 80. Kd3 Bf5+ 81. Kd2 Be4 82. Bd1 Rb8 83. Ke3 Rb1 84. Bxf3 Rb3+ 85. Kf4
Rxf3+ 86. Rxf3 Bxf3 87. Kxf3 Kxa4 0-1

[Event "Frauenbundesliga 2015/2016"]
[Site "Mattersburg/ St. Veit/ Graz"]
[Date "2015.11.06"]
[Round "1"]
[Board "3"]
[White "Rampler, Evelyn"]
[Black "Wunderl, Eva"]
[Result "1-0"]
[WhiteElo "1840"]
[BlackElo "1889"]
[PlyCount "63"]
[EventDate "2015.11.06"]
[EventType "team"]
[EventRounds "7"]
[EventCountry "AUT"]
[WhiteTeam "ASVOE Wulkaprodersdorf"]
[BlackTeam "Schach ohne Grenzen"]

1. e4 e5 2. Bc4 Nf6 3. Nc3 Bc5 4. d3 h6 5. f4 exf4 6. Bxf4 d6 7. d4 Bb4 8. Bd3
Nc6 9. Nf3 Bg4 10. a3 Ba5 11. d5 Nd4 12. Be3 Nxf3+ 13. gxf3 Bh5 14. Qe2 Bb6 15.
O-O-O Qe7 16. Bxb6 axb6 17. Bb5+ Nd7 18. Rhg1 g5 19. Rdf1 O-O-O 20. Qd2 Ne5 21.
Be2 Ng6 22. Qd4 Qd7 23. Bb5 c6 24. Na4 Kb8 25. dxc6 bxc6 26. Qxb6+ Qb7 27. Qxc6
Qxc6 28. Bxc6 Ne5 29. Bd5 Nxf3 30. Rg3 Ne5 31. Rb3+ Kc7 32. Rb7+ 1-0

[Event "Frauenbundesliga 2015/2016"]
[Site "Mattersburg/ St. Veit/ Graz"]
[Date "2015.11.06"]
[Round "1"]
[Board "4"]
[White "Kimpel, Janine"]
[Black "Tschida, Verena"]
[Result "1-0"]
[WhiteElo "1906"]
[BlackElo "1657"]
[PlyCount "83"]
[EventDate "2015.11.06"]
[EventType "team"]
[EventRounds "7"]
[EventCountry "AUT"]
[WhiteTeam "Schach ohne Grenzen"]
[BlackTeam "ASVOE Wulkaprodersdorf"]

1. e4 c5 2. Nc3 Nc6 3. g3 d6 4. Bg2 g6 5. d3 Bg7 6. f4 Bd7 7. Nf3 Nh6 8. h3 Rb8
9. Be3 b5 10. Qd2 b4 11. Nd1 a5 12. O-O f5 13. c3 O-O 14. Ng5 Nf7 15. exf5 Nxg5
16. fxg5 Rxf5 17. Rxf5 gxf5 18. Nf2 bxc3 19. bxc3 e6 20. g4 fxg4 21. Nxg4 Ne5
22. Nh6+ Bxh6 23. gxh6 Ng6 24. Rf1 Qb6 25. Qe1 Qb2 26. Qg3 Qxc3 27. Qxd6 Qe5
28. Bxc5 Qxd6 29. Bxd6 Rb2 30. Be4 Bb5 31. h4 Re2 32. Rf6 Re1+ 33. Kf2 Rd1 34.
h5 Bxd3 35. hxg6 Rf1+ 36. Ke3 Rxf6 37. gxh7+ Kh8 38. Bxd3 Rf5 39. Bxf5 exf5 40.
Bf4 Kxh7 41. Kd4 Kg6 42. Ke5 1-0

[Event "Frauenbundesliga 2015/2016"]
[Site "Mattersburg/ St. Veit/ Graz"]
[Date "2015.11.06"]
[Round "1"]
[Board "1"]
[White "Novkovic, Julia"]
[Black "Fuchs, Judith"]
[Result "1/2-1/2"]
[WhiteElo "2146"]
[BlackElo "2342"]
[PlyCount "67"]
[EventDate "2015.11.06"]
[EventType "team"]
[EventRounds "7"]
[EventCountry "AUT"]
[WhiteTeam "SK Dornbirn"]
[BlackTeam "Mayrhofen/SK Zell/Zillertal"]

1. e4 c5 2. Nc3 Nc6 3. Nf3 d6 4. g3 g6 5. Bg2 Bg7 6. O-O e6 7. Ne2 Nge7 8. d4
cxd4 9. Nexd4 a6 10. c3 O-O 11. Bg5 Qc7 12. Qd2 e5 13. Nc2 f6 14. Bh6 Be6 15.
Bxg7 Kxg7 16. Ne3 b5 17. Rfd1 Rfd8 18. Ne1 Rac8 19. N1c2 Qa7 20. h4 h5 21. Bf3
Qd7 22. Qe2 Rh8 23. Rd2 Qc7 24. a4 Na5 25. axb5 axb5 26. Rdd1 Nc4 27. Nb4 Ra8
28. Nxc4 Bxc4 29. Qd2 Rxa1 30. Rxa1 Rd8 31. Ra6 Qc5 32. Qe3 Qxe3 33. fxe3 Rd7
34. Rb6 1/2-1/2

[Event "Frauenbundesliga 2015/2016"]
[Site "Mattersburg/ St. Veit/ Graz"]
[Date "2015.11.06"]
[Round "1"]
[Board "2"]
[White "Schnegg, Anna-Lena"]
[Black "Froewis, Annika"]
[Result "1-0"]
[WhiteElo "2149"]
[BlackElo "2061"]
[PlyCount "65"]
[EventDate "2015.11.06"]
[EventType "team"]
[EventRounds "7"]
[EventCountry "AUT"]
[WhiteTeam "Mayrhofen/SK Zell/Zillertal"]
[BlackTeam "SK Dornbirn"]

1. e4 e5 2. Nf3 Nc6 3. Bb5 a6 4. Ba4 Nf6 5. O-O b5 6. Bb3 Bc5 7. c3 d6 8. a4
Rb8 9. d4 Bb6 10. Na3 Bg4 11. axb5 axb5 12. Nxb5 Bxf3 13. Qxf3 exd4 14. Nxd4
Nxd4 15. Ba4+ Nd7 16. cxd4 Bxd4 17. Qg4 Qe7 18. Be3 Bf6 19. e5 Bxe5 20. Ba7
Rxb2 21. Bd4 Rb4 22. Bxd7+ Qxd7 23. Ra8+ Ke7 24. Qg5+ f6 25. Qxg7+ Ke6 26. Qxh8
Rxd4 27. Qg8+ Kf5 28. f4 Rxf4 29. g4+ Ke4 30. Re1+ Kd3 31. Qb3+ Bc3 32. Rd1+
Ke4 33. Ra4+ 1-0

[Event "Frauenbundesliga 2015/2016"]
[Site "Mattersburg/ St. Veit/ Graz"]
[Date "2015.11.06"]
[Round "1"]
[Board "4"]
[White "Roeck, Vanessa"]
[Black "Pilsan, Martha"]
[Result "0-1"]
[WhiteElo "1616"]
[BlackElo "1658"]
[PlyCount "66"]
[EventDate "2015.11.06"]
[EventType "team"]
[EventRounds "7"]
[EventCountry "AUT"]
[WhiteTeam "Mayrhofen/SK Zell/Zillertal"]
[BlackTeam "SK Dornbirn"]

1. d4 Nf6 2. Nf3 g6 3. e3 Bg7 4. Be2 O-O 5. Nbd2 d6 6. O-O Nc6 7. c4 e5 8. d5
Ne7 9. e4 Nh5 10. g3 Bh3 11. Re1 h6 12. Nh4 Nf6 13. Bf1 Qd7 14. f3 Bxf1 15.
Rxf1 Qh3 16. Qe2 g5 17. Ng2 Nh5 18. Ne3 Qd7 19. Ng2 Rae8 20. f4 Nxf4 21. gxf4
exf4 22. Qd3 Ng6 23. Nf3 Qh3 24. Nfe1 Qg4 25. Qf3 Bd4+ 26. Kh1 Qd7 27. Qd3 Bg7
28. h4 Ne5 29. Qe2 Qh3+ 30. Kg1 Ng4 31. Nxf4 Bd4+ 32. Rf2 Qh2+ 33. Kf1 Qh1# 0-1

[Event "Frauenbundesliga 2015/2016"]
[Site "Mattersburg/ St. Veit/ Graz"]
[Date "2015.11.06"]
[Round "1"]
[Board "1"]
[White "Schmidbauer, Andrea"]
[Black "Richterova, Natasa"]
[Result "0-1"]
[WhiteElo "1876"]
[BlackElo "2187"]
[PlyCount "46"]
[EventDate "2015.11.06"]
[EventType "team"]
[EventRounds "7"]
[EventCountry "AUT"]
[WhiteTeam "Chessgraz"]
[BlackTeam "Spg Steyr"]

1. e4 Nf6 2. Nc3 e5 3. Nf3 Bb4 4. d3 O-O 5. Bg5 d6 6. Be2 c6 7. O-O Re8 8. h3
Nbd7 9. Nh2 h6 10. Bh4 Qc7 11. Ng4 Nxg4 12. Bxg4 Nf8 13. Ne2 Bxg4 14. hxg4 Bc5
15. Qd2 Qc8 16. g5 Qg4 17. Bg3 hxg5 18. c3 Bb6 19. Kh1 Re6 20. Ng1 Qh5+ 21. Bh2
Rh6 22. Nh3 g4 23. Qg5 gxh3 0-1

[Event "Frauenbundesliga 2015/2016"]
[Site "Mattersburg/ St. Veit/ Graz"]
[Date "2015.11.06"]
[Round "1"]
[Board "3"]
[White "Kaser, Gabriele"]
[Black "Molnar, Monika"]
[Result "0-1"]
[WhiteElo "1266"]
[BlackElo "1866"]
[PlyCount "50"]
[EventDate "2015.11.06"]
[EventType "team"]
[EventRounds "7"]
[EventCountry "AUT"]
[WhiteTeam "Chessgraz"]
[BlackTeam "Spg Steyr"]

1. Nf3 d5 2. c4 e6 3. cxd5 exd5 4. a3 Nf6 5. d4 Nc6 6. Nc3 Bg4 7. e3 a6 8. Be2
Bd6 9. O-O O-O 10. Qc2 Re8 11. Re1 Bxf3 12. Bxf3 Nxd4 13. Qd1 Nxf3+ 14. Qxf3 c6
15. Bd2 Qd7 16. h3 Rad8 17. b4 Ne4 18. Rad1 Qe7 19. Re2 Nxd2 20. Rexd2 Qe5 21.
Rd3 Re6 22. Ne2 Qh2+ 23. Kf1 Qh1+ 24. Ng1 Rf6 25. Qg4 Bh2 0-1

[Event "Frauenbundesliga 2015/2016"]
[Site "Mattersburg/ St. Veit/ Graz"]
[Date "2015.11.06"]
[Round "1"]
[Board "1"]
[White "Kremer, Nadine"]
[Black "Duessler, Stefanie"]
[Result "0-1"]
[WhiteElo "1771"]
[BlackElo "2054"]
[PlyCount "154"]
[EventDate "2015.11.06"]
[EventType "team"]
[EventRounds "7"]
[EventCountry "AUT"]
[WhiteTeam "tschaturanga"]
[BlackTeam "SV Autohof St. Veit/Glan"]

1. e4 c5 2. Nf3 e6 3. d4 cxd4 4. Nxd4 Nc6 5. Nc3 Qc7 6. Nxc6 bxc6 7. Bd3 Nf6 8.
f4 d5 9. Bd2 Be7 10. Qe2 O-O 11. Qf2 c5 12. e5 Nd7 13. b3 f5 14. O-O a6 15. Kh1
Bb7 16. Be2 Rad8 17. Bf3 Kh8 18. Rg1 g5 19. g3 Rg8 20. Ne2 g4 21. Bg2 Nf8 22.
h4 gxh3 23. Bxh3 d4+ 24. Kh2 Ng6 25. Bg2 Be4 26. Be1 Bxc2 27. Rc1 d3 28. Nc3 c4
29. Qd2 Ba3 30. Rxc2 dxc2 31. Qxc2 Bc5 32. Rf1 cxb3 33. Qxb3 Nf8 34. Qb7 Qxb7
35. Bxb7 a5 36. Nb5 Rb8 37. Bc6 Rb6 38. Be8 Ng6 39. Bxg6 hxg6 40. a4 Ra8 41. g4
Rc6 42. Bh4 Bf8 43. gxf5 gxf5 44. Rh1 Bh6 45. Bf6+ Kg8 46. Kg3 Bg7 47. Bxg7
Kxg7 48. Rd1 Re8 49. Rd7+ Kf8 50. Ra7 Rc1 51. Rxa5 Rec8 52. Ra6 R8c6 53. Ra8+
Kg7 54. Ra7+ Kf8 55. Ra8+ Rc8 56. Ra6 Ke7 57. Ra7+ Kd8 58. Ra6 Kd7 59. Ra7+ Kc6
60. Ra6+ Kd7 61. Ra7+ Kd8 62. Ra6 R8c6 63. Ra8+ Kd7 64. Ra7+ Kc8 65. Re7 Kd8
66. Ra7 Rg1+ 67. Kf2 Rg4 68. Ra8+ Rc8 69. Ra6 Rxf4+ 70. Ke3 Re4+ 71. Kd3 Rxe5
72. Nd4 Kd7 73. a5 Rd5 74. Ra7+ Kd6 75. Ra6+ Kc5 76. Rxe6 Rxd4+ 77. Ke3 Re4+
 0-1

[Event "Frauenbundesliga 2015/2016"]
[Site "Mattersburg/ St. Veit/ Graz"]
[Date "2015.11.06"]
[Round "1"]
[Board "2"]
[White "Hiebler, Laura"]
[Black "Landl, Margot"]
[Result "1/2-1/2"]
[WhiteElo "2107"]
[BlackElo "1881"]
[PlyCount "60"]
[EventDate "2015.11.06"]
[EventType "team"]
[EventRounds "7"]
[EventCountry "AUT"]
[WhiteTeam "SV Autohof St. Veit/Glan"]
[BlackTeam "tschaturanga"]

1. c4 e5 2. Nc3 Nc6 3. g3 f5 4. Bg2 Nf6 5. d3 Bb4 6. Bd2 O-O 7. Nf3 d6 8. Nd5
Bxd2+ 9. Nxd2 Ne7 10. O-O Ng6 11. e3 c6 12. Nxf6+ Qxf6 13. b4 Be6 14. Rc1 d5
15. cxd5 Bxd5 16. Bxd5+ cxd5 17. Rc7 Qb6 18. Qc2 f4 19. exf4 exf4 20. Qc3 Rf6
21. Nb3 fxg3 22. hxg3 Nf4 23. Rc8+ Rxc8 24. Qxc8+ Rf8 25. Qd7 Rf7 26. Qe8+ Rf8
27. Qe5 Qg6 28. Nc5 Qg4 29. Nxb7 Qh3 30. gxf4 Qg4+ 1/2-1/2

[Event "Frauenbundesliga 2015/2016"]
[Site "Mattersburg/ St. Veit/ Graz"]
[Date "2015.11.06"]
[Round "1"]
[Board "4"]
[White "Krassnitzer, Maria"]
[Black "Steiner, Magdalena"]
[Result "0-1"]
[WhiteElo "1605"]
[BlackElo "1738"]
[PlyCount "90"]
[EventDate "2015.11.06"]
[EventType "team"]
[EventRounds "7"]
[EventCountry "AUT"]
[WhiteTeam "SV Autohof St. Veit/Glan"]
[BlackTeam "tschaturanga"]

1. d4 Nf6 2. Nf3 g6 3. c3 Bg7 4. Nbd2 O-O 5. e4 d6 6. Bc4 Nbd7 7. e5 dxe5 8.
dxe5 Nh5 9. e6 fxe6 10. Bxe6+ Kh8 11. O-O Nf4 12. Ng5 Ne5 13. Bxc8 Qxc8 14.
Ndf3 Qf5 15. Bxf4 Qxf4 16. Qd5 Nxf3+ 17. Nxf3 b6 18. Rae1 Rae8 19. Re6 Rd8 20.
Qg5 Qxg5 21. Nxg5 Bf6 22. Ne4 Rd7 23. Re1 Kg7 24. g4 h6 25. Kg2 Kf7 26. Ng3
Rfd8 27. R6e2 Rd2 28. f4 Bh4 29. Kh3 Bxg3 30. Rxe7+ Kf8 31. Kxg3 R8d3+ 32. R1e3
Rxe3+ 33. Rxe3 Rxb2 34. f5 gxf5 35. gxf5 Rxa2 36. f6 Rc2 37. h3 a5 38. Kg4 a4
39. Kf5 a3 40. Kg6 Rg2+ 41. Kxh6 a2 42. Re1 b5 43. Rd1 c5 44. h4 b4 45. h5 b3
 0-1

[Event "Frauenbundesliga 2015/2016"]
[Site "Mattersburg/ St. Veit/ Graz"]
[Date "2015.11.06"]
[Round "1"]
[Board "1"]
[White "Horvath, Reka"]
[Black "Mar, Karmen"]
[Result "1-0"]
[WhiteElo "2036"]
[BlackElo "2074"]
[PlyCount "121"]
[EventDate "2015.11.06"]
[EventType "team"]
[EventRounds "7"]
[EventCountry "AUT"]
[WhiteTeam "Spg. Feldbach-Kirchberg"]
[BlackTeam "SC Extraherb WS"]

1. e4 c5 2. Nf3 d6 3. d4 cxd4 4. Nxd4 Nf6 5. Nc3 e6 6. Be2 a6 7. O-O Nbd7 8.
Be3 b5 9. a4 bxa4 10. f3 a3 11. Rxa3 Bb7 12. Ra2 Be7 13. Qa1 Qc8 14. Nb3 d5 15.
exd5 Nxd5 16. Nxd5 Bxd5 17. c4 Bb7 18. Na5 O-O 19. Kh1 Qc7 20. Nxb7 Qxb7 21. f4
Qe4 22. Qc1 Rab8 23. Bf3 Qf5 24. Rxa6 Bf6 25. b4 Rxb4 26. Qd2 Rb1 27. Rxb1
Qxb1+ 28. Qd1 Rb8 29. Rd6 Qxd1+ 30. Rxd1 Nf8 31. Ba7 Rc8 32. c5 Rd8 33. c6
Rxd1+ 34. Bxd1 Bd8 35. Bb8 f6 36. c7 Bxc7 37. Bxc7 g5 38. fxg5 fxg5 39. Bg4 Kf7
40. Bd8 h6 41. Bh5+ Kg7 42. Kg1 e5 43. Be7 Ne6 44. g3 Nd4 45. Kf2 Nf5 46. Bd8
e4 47. Bg4 Nd6 48. Ke3 Kg6 49. Be7 Nc4+ 50. Kd4 Nd2 51. Be2 h5 52. Bb4 Nf3+ 53.
Bxf3 exf3 54. Ke3 g4 55. Be1 Kf5 56. Kd4 Ke6 57. Ke4 Kf6 58. Kf4 Kg6 59. Ke5
Kg5 60. Bf2 Kg6 61. Be3 1-0

[Event "Frauenbundesliga 2015/2016"]
[Site "Mattersburg/ St. Veit/ Graz"]
[Date "2015.11.06"]
[Round "1"]
[Board "2"]
[White "Zechner, Andrea"]
[Black "Wilfling, Sandra"]
[Result "1-0"]
[WhiteElo "1892"]
[BlackElo "1835"]
[PlyCount "55"]
[EventDate "2015.11.06"]
[EventType "team"]
[EventRounds "7"]
[EventCountry "AUT"]
[WhiteTeam "SC Extraherb WS"]
[BlackTeam "Spg. Feldbach-Kirchberg"]

1. d4 Nf6 2. c4 g6 3. Nc3 Bg7 4. e4 d6 5. Be2 O-O 6. g4 e5 7. d5 h6 8. h4 Nh7
9. Be3 f5 10. gxf5 gxf5 11. exf5 Bxf5 12. Qd2 Qf6 13. O-O-O Nd7 14. Nh3 Kh8 15.
f3 Nc5 16. Nf2 Rg8 17. Ng4 Bxg4 18. fxg4 Bf8 19. Rdf1 Qg6 20. g5 hxg5 21. hxg5
Be7 22. Rh6 Qe8 23. Bh5 Qd8 24. g6 Rg7 25. Rxh7+ Rxh7 26. gxh7 Nd7 27. Ne4 Nf8
28. Ng5 1-0

[Event "Frauenbundesliga 2015/2016"]
[Site "Mattersburg/ St. Veit/ Graz"]
[Date "2015.11.06"]
[Round "1"]
[Board "3"]
[White "Horvath, Orsolya"]
[Black "Mattersberger, Melanie"]
[Result "1/2-1/2"]
[WhiteElo "1899"]
[BlackElo "1637"]
[PlyCount "85"]
[EventDate "2015.11.06"]
[EventType "team"]
[EventRounds "7"]
[EventCountry "AUT"]
[WhiteTeam "Spg. Feldbach-Kirchberg"]
[BlackTeam "SC Extraherb WS"]

1. e4 c5 2. Nf3 d6 3. d4 cxd4 4. Nxd4 a6 5. Nc3 g6 6. Be3 Bg7 7. Be2 Nf6 8. Qd2
Nc6 9. O-O O-O 10. Rad1 Qc7 11. Bf3 Ne5 12. h3 Nc4 13. Qc1 Nxe3 14. Qxe3 Bd7
15. Rfe1 Rab8 16. Rd2 Rfe8 17. Red1 Qb6 18. b3 Bc6 19. Qe2 Rec8 20. Nd5 Qd8 21.
Nxc6 bxc6 22. Ne3 Nd7 23. Nc4 Ne5 24. Bg4 Nxg4 25. Qxg4 Qc7 26. f4 c5 27. e5
dxe5 28. Rd7 Qc6 29. Rxe7 exf4 30. Qxf4 Bd4+ 31. Kh1 Qf6 32. Qxf6 Bxf6 33. Red7
Rd8 34. Rxd8+ Rxd8 35. Rxd8+ Bxd8 36. g4 Kg7 37. Kg2 Bc7 38. Ne3 Bf4 39. Nd5
Be5 40. Kf3 f5 41. c4 h5 42. g5 Kf7 43. h4 1/2-1/2

[Event "Frauenbundesliga 2015/2016"]
[Site "Mattersburg/ St. Veit/ Graz"]
[Date "2015.11.07"]
[Round "2"]
[Board "1"]
[White "Richterova, Natasa"]
[Black "Newrkla, Katharina"]
[Result "1-0"]
[WhiteElo "2187"]
[BlackElo "2210"]
[PlyCount "157"]
[EventDate "2015.11.06"]
[EventType "team"]
[EventRounds "7"]
[EventCountry "AUT"]
[WhiteTeam "Spg Steyr"]
[BlackTeam "ASVOE Wulkaprodersdorf"]

1. e4 c5 2. Nf3 d6 3. Bb5+ Bd7 4. Bxd7+ Qxd7 5. c4 Nf6 6. Nc3 g6 7. d4 cxd4 8.
Nxd4 Bg7 9. f3 O-O 10. Be3 Rc8 11. b3 a6 12. a4 Qd8 13. O-O Nc6 14. Rc1 Nb4 15.
Qd2 Nd7 16. Nce2 a5 17. Nb5 Nc5 18. Rb1 Ra6 19. Rfd1 Qf8 20. Nf4 Raa8 21. Qe2
Bh6 22. Nd5 Bxe3+ 23. Qxe3 Nxd5 24. exd5 Rd8 25. Re1 Rd7 26. Re2 Qg7 27. Rbe1
Qf6 28. Kf1 Kg7 29. Nc3 h5 30. Ne4 Nxe4 31. Qxe4 b6 32. Qe3 Rb7 33. Qd2 Re8 34.
Re4 g5 35. Kg1 Qg6 36. Qf2 f6 37. h4 gxh4 38. Rxh4 Kf7 39. Qe3 Qf5 40. Qh6 Rg8
41. Rxh5 Qg6 42. Qh7+ Rg7 43. Qxg6+ Kxg6 44. Rh8 Kf5 45. Rh6 Rb8 46. Kf2 Kg5
47. Reh1 Kf5 48. g4+ Kf4 49. R6h5 Rg5 50. Rxg5 Kxg5 51. Re1 Re8 52. Kg3 Kg6 53.
f4 Kf7 54. Rh1 Kg7 55. Kf3 Kg6 56. Rh2 Rc8 57. Ke4 Rf8 58. b4 axb4 59. Rb2 Ra8
60. Rxb4 Ra6 61. Kd4 Kf7 62. Kd3 Kg6 63. Kd4 Kf7 64. Kc3 e5 65. dxe6+ Kxe6 66.
Kd4 Kd7 67. Kd5 Ra5+ 68. Rb5 Rxa4 69. Rxb6 Ra5+ 70. Rb5 Ra7 71. g5 fxg5 72.
fxg5 Rc7 73. g6 Ke7 74. g7 Kf7 75. Rb4 Kxg7 76. Kxd6 Rf7 77. c5 Rf6+ 78. Kd7
Rf7+ 79. Kc8 1-0

[Event "Frauenbundesliga 2015/2016"]
[Site "Mattersburg/ St. Veit/ Graz"]
[Date "2015.11.07"]
[Round "2"]
[Board "2"]
[White "Exler, Veronika"]
[Black "Saler-Grafenberger, Elisabeth"]
[Result "1-0"]
[WhiteElo "2211"]
[BlackElo "1919"]
[PlyCount "70"]
[EventDate "2015.11.06"]
[EventType "team"]
[EventRounds "7"]
[EventCountry "AUT"]
[WhiteTeam "ASVOE Wulkaprodersdorf"]
[BlackTeam "Spg Steyr"]

1. d4 Nf6 2. g3 e6 3. Bg2 d5 4. c4 c6 5. Nf3 Bb4+ 6. Bd2 Bxd2+ 7. Nbxd2 Nbd7 8.
O-O O-O 9. Qc2 a5 10. Rfe1 dxc4 11. Nxc4 Nd5 12. e4 Nb4 13. Qc3 c5 14. a3 Nc6
15. d5 exd5 16. exd5 Ne7 17. Rad1 Ra6 18. Nce5 Nxe5 19. Nxe5 f6 20. Nd3 b6 21.
b4 cxb4 22. axb4 Qd6 23. bxa5 Rxa5 24. Qb4 Nf5 25. Rb1 Qxb4 26. Rxb4 b5 27. Bh3
Nd6 28. Be6+ Bxe6 29. dxe6 Re8 30. Nc5 g6 31. Rd1 Nc4 32. Rd7 Nb6 33. Rb7 Nd5
34. Rd4 Ne7 35. Ne4 Kg7 {FLAG!!} 1-0